نقد آگھی : (Record no. 107005)

MARC details
000 -LEADER
fixed length control field 00883nam a22002537a 4500
005 - DATE AND TIME OF LATEST TRANSACTION
control field 20170123162320.0
010 ## - LIBRARY OF CONGRESS CONTROL NUMBER
LC control number B-283978
020 ## - INTERNATIONAL STANDARD BOOK NUMBER
Terms of availability 200.00
035 ## - SYSTEM CONTROL NUMBER
System control number B-283978
037 ## - SOURCE OF ACQUISITION
Source of stock number/acquisition Cen Lib/Ret
040 ## - CATALOGING SOURCE
Original cataloging agency DPL
Language of cataloging UR
082 ## - DEWEY DECIMAL CLASSIFICATION NUMBER
Classification number 840.8
Item number ف ے ا
100 ## - MAIN ENTRY--PERSONAL NAME
Personal name فیاض رفعت
9 (RLIN) 116592
245 ## - TITLE STATEMENT
Title نقد آگھی :
Statement of responsibility, etc فیاض رفعت
Remainder of title عصری ادب کے حوالے سے /
246 ## - VARYING FORM OF TITLE
Title proper/short title Naqad-e-aaghi : asari adab ke hawale se /
Remainder of title by Fyaz Rafat
260 ## - PUBLICATION, DISTRIBUTION, ETC. (IMPRINT)
Place of publication, distribution, etc دہلی
Name of publisher, distributor, etc میعمعیار پبلیکیشنز
Date of publication, distribution, etc 2010
270 ## - ADDRESS
City دہلی
Address تاج انکلیو گیتا کالونی
Postal code 110031
300 ## - PHYSICAL DESCRIPTION
Extent 136p.
Dimensions 21cm(Hb)
650 ## - SUBJECT ADDED ENTRY--TOPICAL TERM
Topical term or geographic name as entry element ادب - اردو
9 (RLIN) 116593
650 ## - SUBJECT ADDED ENTRY--TOPICAL TERM
Topical term or geographic name as entry element تاریخ اور تنقید
9 (RLIN) 109630
650 ## - SUBJECT ADDED ENTRY--TOPICAL TERM
Topical term or geographic name as entry element Literature -- Urdu
9 (RLIN) 116594
650 ## - SUBJECT ADDED ENTRY--TOPICAL TERM
Topical term or geographic name as entry element History and criticism
9 (RLIN) 23722
942 ## - ADDED ENTRY ELEMENTS (KOHA)
Source of classification or shelving scheme Dewey Decimal Classification
Koha item type Urdu Bks
Classification part 840.8
Call number suffix ف ے ا
Holdings
Withdrawn status Lost status Damaged status Not for loan Home library Current library Date acquired Source of acquisition Cost, normal purchase price Total Checkouts Full call number Barcode Date last seen Copy number Cost, replacement price Price effective from Koha item type
        Central Library Central Library 01/01/2016 Cen Lib/Ret 200.00   840.8 ف ے ا B-283978 01/01/2016 1 200.00 01/01/2016 Urdu Bks

© Delhi Public Library
Hit Counter
free hit counter